|
|
|
|
| LEADER |
01086nam a22002892a 4500 |
| 001 |
000304789 |
| 003 |
CZ BrMZK |
| 005 |
20131018082932.0 |
| 007 |
ta |
| 008 |
980107s1967 xr af f cze d |
| 015 |
|
|
|a cnb000493371
|
| 035 |
|
|
|a (OCoLC)15497937
|
| 040 |
|
|
|a BOA001
|b cze
|
| 100 |
1 |
|
|a Richter, František
|4 aut
|
| 245 |
1 |
0 |
|a Snílci z Vysočiny :
|b románová kronika /
|c František Richter
|
| 250 |
|
|
|a 1. vyd.
|
| 260 |
|
|
|a Praha :
|b Práce,
|c 1967
|
| 300 |
|
|
|a 337 s., obr. příl. :
|b il.
|
| 490 |
1 |
|
|a Kroniky práce a bojů ;
|v sv. 34
|
| 500 |
|
|
|a Dostupné též v digitální podobě v aplikaci Kramerius
|
| 830 |
|
0 |
|a Kroniky práce a bojů
|0 s
|
| 856 |
4 |
1 |
|u http://www.digitalniknihovna.cz/mzk/uuid/uuid:b9d9ce10-a72f-11e7-ae0a-005056827e52
|y Digitalizovaný dokument
|x NDK
|
| 910 |
|
|
|a BOA001
|b PK-0048.032
|b 2-0587.783
|
| 990 |
|
|
|a BK
|
| 991 |
|
|
|g g
|
| 996 |
6 |
|
|b 2619013176
|c 2-0587.783
|l Sklad H1
|r Sklad / do 24 hodin
|n 0
|w 000304789
|u 000020
|a 1
|e BOA001
|j MZK50
|s P
|
| 996 |
7 |
|
|b 3119923675
|c PK-0048.032
|l MZK
|r Sklad / do 1 hodiny
|n 1
|w 000304789
|u 000010
|a 1
|e BOA001
|j MZK50
|s A
|